[Event "Niedersachsen-ch U18"]
[Site "Rotenburg/Wuemme"]
[Date "2005.03.20"]
[Round "3"]
[White "Suhre, Lars"]
[Black "Heese, Dennis"]
[Result "1-0"]
[WhiteElo "1646"]
[BlackElo "1507"]
[PlyCount "57"]
[EventDate "2005.03.19"]
[EventType "swiss"]
[EventRounds "9"]
[EventCountry "GER"]
[SourceTitle "EXT 2007"]
[Source "ChessBase"]
[SourceDate "2006.11.23"]
[SourceVersion "1"]
[SourceVersionDate "2006.11.23"]
[SourceQuality "1"]

1. e4 Nf6 2. Nc3 d5 3. exd5 Nxd5 4. Bc4 Nf6 5. d3 g6 6. Nf3 Bg7 7. 0-0 Nc6 8. Re1 0-0 9. Bg5 Bg4 10. h3 Bxf3 11. Qxf3 Nd4 12. Qd1 c6 13. Ne4 b5 14. Bb3 a5 15. c3 h6 16. Bxf6 Nxb3 17. Bxg7 Nxa1 18. Bxf8 Kxf8 19. Qe2 f5 20. Ng3 f4 21. Ne4 Qd5 22. Rxa1 Rd8 23. d4 b4 24. Nc5 Rd6 25. Re1 e5 26. Qxe5 Qxe5 27. Rxe5 bxc3 28. bxc3 Kf7 29. Nd3 1-0

[Event "Niedersachsen-chT U14"]
[Site "Verden"]
[Date "2001.05.27"]
[Round "7.3"]
[White "Suhre, Lars"]
[Black "Wall, Max"]
[Result "0-1"]
[WhiteElo "1305"]
[BlackElo "1132"]
[PlyCount "100"]
[EventDate "2001.05.??"]
[EventType "team"]
[EventRounds "7"]
[EventCountry "GER"]
[SourceTitle "EXT 2003"]
[Source "ChessBase"]
[SourceDate "2002.11.25"]
[SourceVersion "1"]
[SourceVersionDate "2002.11.25"]
[SourceQuality "1"]

1. e4 e5 2. Nf3 Nf6 3. Nc3 Bb4 4. d3 d5 5. exd5 Nxd5 6. Bd2 Nc6 7. Nxd5 Bxd2+ 8. Qxd2 Qxd5 9. c4 Qd6 10. Be2 0-0 11. 0-0 Bf5 12. a3 Rad8 13. Rad1 Rd7 14. Nh4 Bg6 15. Nxg6 hxg6 16. Qc3 Qd4 17. Rfe1 Qxc3 18. bxc3 f6 19. Rb1 b6 20. Bf3 Ne7 21. Re3 Nf5 22. Bg4 Nxe3 23. Bxd7 Nf5 24. Be6+ Kh7 25. Re1 Re8 26. Bd5 Rd8 27. Re4 c6 28. Bf7 Rxd3 29. g3 g5 30. Be6 g6 31. Bxf5 gxf5 32. Re3 Rxe3 33. fxe3 e4 34. Kf2 Kg6 35. Ke2 Kh5 36. Kf2 Kg6 37. Ke2 Kf7 38. Kd2 Ke6 39. Ke2 Ke5 40. Ke1 b5 41. cxb5 cxb5 42. Kd2 Kd5 43. Kc2 g4 44. Kb3 Kc5 45. Kb2 Kc4 46. Kc2 a5 47. Kb2 Kd3 48. Kb3 Kxe3 49. Kc2 Kf2 50. Kd2 e3+ 0-1

[Event "Niedersachsen-chT U14"]
[Site "Verden"]
[Date "2001.05.26"]
[Round "6.3"]
[White "Meinardus, Nils"]
[Black "Suhre, Lars"]
[Result "1-0"]
[WhiteElo "1026"]
[BlackElo "1305"]
[PlyCount "73"]
[EventDate "2001.05.??"]
[EventType "team"]
[EventRounds "7"]
[EventCountry "GER"]
[SourceTitle "EXT 2003"]
[Source "ChessBase"]
[SourceDate "2002.11.25"]
[SourceVersion "1"]
[SourceVersionDate "2002.11.25"]
[SourceQuality "1"]

1. e4 e5 2. Nf3 Nc6 3. Bc4 Be7 4. d3 d6 5. h3 h6 6. Nc3 Nf6 7. Be3 Be6 8. Bxe6 fxe6 9. 0-0 Qd7 10. Qd2 0-0-0 11. Rad1 d5 12. exd5 exd5 13. d4 e4 14. Ne5 Nxe5 15. dxe5 Nh7 16. Nxd5 c6 17. Nxe7+ Qxe7 18. Qc3 a6 19. Qc5 Qc7 20. f4 Rhg8 21. h4 g5 22. hxg5 hxg5 23. f5 Rde8 24. e6 Nf6 25. Bd4 Ng4 26. Rfe1 Qh2+ 27. Kf1 Qh1+ 28. Bg1 Rgf8 29. Rd7 Rd8 30. Rxd8+ Rxd8 31. e7 Re8 32. Rd1 Nh2+ 33. Kf2 Ng4+ 34. Kf1 e3 35. Rd8+ Rxd8 36. exd8Q+ Kxd8 37. Qd4+ 1-0

[Event "Niedersachsen-chT U14"]
[Site "Verden"]
[Date "2001.05.24"]
[Round "2.3"]
[White "Suhre, Lars"]
[Black "Ahlers, Hendrik"]
[Result "1-0"]
[WhiteElo "1305"]
[BlackElo "1061"]
[PlyCount "125"]
[EventDate "2001.05.??"]
[EventType "team"]
[EventRounds "7"]
[EventCountry "GER"]
[SourceTitle "EXT 2003"]
[Source "ChessBase"]
[SourceDate "2002.11.25"]
[SourceVersion "1"]
[SourceVersionDate "2002.11.25"]
[SourceQuality "1"]

1. e4 e5 2. Nf3 Nc6 3. d4 exd4 4. Nxd4 Nxd4 5. Qxd4 Nf6 6. Nc3 c5 7. Qd1 b6 8. Bf4 Bb7 9. Bd3 Qe7 10. 0-0 g6 11. Re1 Bg7 12. Nd5 Qd8 13. Nc7+ Kf8 14. Nxa8 Qxa8 15. Qf3 d5 16. Bd6+ Kg8 17. e5 Nh5 18. Qg4 Bc8 19. Qh4 Be6 20. Bc7 Qe8 21. Qd8 Qxd8 22. Bxd8 Bf8 23. Bc7 Be7 24. Bb8 a6 25. Bxa6 Kg7 26. Bc7 Ra8 27. Be2 Ra7 28. Bd6 Bxd6 29. exd6 Rd7 30. Bxh5 gxh5 31. Re5 Kh6 32. a4 Rxd6 33. a5 bxa5 34. Rxa5 Rc6 35. h4 c4 36. f4 f5 37. Raxd5 Bxd5 38. Rxd5 Kg6 39. Rb5 Kf6 40. Rb7 h6 41. b3 cxb3 42. cxb3 Rc1+ 43. Kh2 Rb1 44. b4 Rb3 45. b5 Rb4 46. g3 Rb3 47. b6 Kg6 48. Rb8 Kf7 49. b7 Kg7 50. Kg2 Kf7 51. Rh8 Kg7 52. b8Q Rxb8 53. Rxb8 Kf6 54. Rb6+ Kg7 55. Kf3 Kh7 56. Ke3 Kg7 57. Kd4 Kh7 58. Ke5 Kg7 59. Kxf5 Kh7 60. Rb7+ Kg8 61. Kf6 Kh8 62. Kg6 Kg8 63. Rb8# 1-0

[Event "Niedersachsen-chT U14"]
[Site "Rotenburg"]
[Date "2000.06.19"]
[Round "7.4"]
[White "Schmidt, Alexander"]
[Black "Suhre, Lars"]
[Result "0-1"]
[WhiteElo "1033"]
[BlackElo "1216"]
[PlyCount "120"]
[EventDate "2000.06.16"]
[EventType "team"]
[EventRounds "7"]
[EventCountry "GER"]
[SourceTitle "EXT 2003"]
[Source "ChessBase"]
[SourceDate "2002.11.25"]
[SourceVersion "1"]
[SourceVersionDate "2002.11.25"]
[SourceQuality "1"]

1. e4 e5 2. Bc4 Nf6 3. Nf3 Nc6 4. Nc3 h6 5. b3 Bb4 6. Nd5 d6 7. Nxb4 Nxb4 8. Ba3 Nc6 9. d3 0-0 10. Bd5 Nxd5 11. exd5 Ne7 12. c4 Bg4 13. h3 Bh5 14. Qe2 Re8 15. Qe4 Bg6 16. Qe2 Nf5 17. Bb2 Nd4 18. Qd2 Nxf3+ 19. gxf3 Qf6 20. 0-0-0 Qxf3 21. Qe3 Bh5 22. Rhg1 Qxe3+ 23. fxe3 Bxd1 24. Kxd1 c6 25. dxc6 bxc6 26. d4 exd4 27. exd4 g6 28. h4 h5 29. Bc1 Re4 30. Bb2 Rxh4 31. Rg2 Rg4 32. Rf2 Rg1+ 33. Kc2 Re8 34. Rf6 Rg2+ 35. Kc3 Re3+ 36. Kb4 Rxb2 37. a4 Rexb3+ 38. Ka5 Rc2 39. c5 dxc5 40. Rxc6 Rd2 41. dxc5 Rd5 42. Ka6 Rc3 43. Kb5 Rd8 44. Kb4 Rcd3 45. Kc4 R3d4+ 46. Kb5 Rb8+ 47. Ka5 Kf8 48. Rc7 h4 49. Rxa7 h3 50. c6 Rd5+ 51. Ka6 Rd6 52. Rc7 h2 53. Ka7 Re8 54. Kb7 h1Q 55. a5 Qb1+ 56. Ka7 Qb8+ 57. Ka6 Rxc6+ 58. Rxc6 Re7 59. Rb6 Ra7+ 60. Kb5 Qe5+ 0-1

[Event "Niedersachsen-chT U14"]
[Site "Rotenburg"]
[Date "2000.06.17"]
[Round "4.4"]
[White "Suhre, Lars"]
[Black "Koeritz, Jan Hendrik"]
[Result "1-0"]
[WhiteElo "1216"]
[BlackElo "385"]
[PlyCount "61"]
[EventDate "2000.06.16"]
[EventType "team"]
[EventRounds "7"]
[EventCountry "GER"]
[SourceTitle "EXT 2003"]
[Source "ChessBase"]
[SourceDate "2002.11.25"]
[SourceVersion "1"]
[SourceVersionDate "2002.11.25"]
[SourceQuality "1"]

1. e4 c5 2. Nf3 d6 3. Bc4 h6 4. 0-0 Nf6 5. Nc3 e6 6. d3 a6 7. a3 Nc6 8. d4 cxd4 9. Nxd4 Nxd4 10. Qxd4 Be7 11. e5 d5 12. exf6 dxc4 13. Qxd8+ Bxd8 14. fxg7 Rg8 15. Bxh6 Bf6 16. Rfe1 Bxg7 17. Bxg7 Rxg7 18. Nd5 Kf8 19. Nb6 Rb8 20. Nxc4 Bd7 21. Ne5 Bc6 22. Nxc6 bxc6 23. b4 Rb5 24. c4 Rbg5 25. g3 Ke7 26. Red1 Rf5 27. c5 Rg6 28. Rd6 Rgf6 29. Ra2 Rd5 30. Rxc6 Rd1+ 31. Kg2 1-0